[Event "European Championship (blitz) 2015"]
[Site "Minsk BLR"]
[Date "2015.12.18"]
[Round "17"]
[White "Petrosian, Tigran L"]
[Black "Belous, Vladimir"]
[Result "0-1"]
[WhiteElo "2625"]
[BlackElo "2557"]
[PlyCount "80"]
[EventDate "2015.12.18"]

1. Nf3 Nf6 2. g3 g6 3. Bg2 Bg7 4. d4 O-O 5. O-O d5 6. c4 Nc6 7. cxd5 Nxd5 8.
Nc3 Nb6 9. e3 Re8 10. a3 e5 11. d5 Na5 12. Qc2 e4 13. Nd2 f5 14. Rd1 Qf6 15.
Rb1 Bd7 16. Bf1 Rac8 17. Nb5 c6 18. dxc6 Rxc6 19. Nc3 a6 20. Nb3 Nxb3 21. Qxb3+
Be6 22. Qb4 Bf8 23. Qd4 Qxd4 24. exd4 Nd5 25. Nxd5 Bxd5 26. Be3 Rec8 27. h4 Bg7
28. a4 Bb3 29. Rd2 Bxa4 30. d5 Rc2 31. Rxc2 Bxc2 32. Re1 Bb3 33. d6 Be5 34. d7
Rd8 35. Rc1 Rxd7 36. Rc8+ Kg7 37. h5 gxh5 38. Bh3 Be6 39. b4 Rd1+ 40. Kh2 Bxc8
0-1

[Event "European Championship (blitz) 2015"]
[Site "Minsk BLR"]
[Date "2015.12.18"]
[Round "18"]
[White "Belous, Vladimir"]
[Black "Petrosian, Tigran L"]
[Result "1-0"]
[WhiteElo "2557"]
[BlackElo "2625"]
[PlyCount "129"]
[EventDate "2015.12.18"]

1. c4 g6 2. Nf3 Bg7 3. d4 d6 4. h3 f5 5. Nc3 Nf6 6. Bg5 O-O 7. e3 c6 8. Bd3 Qe8
9. Qc2 e5 10. dxe5 dxe5 11. e4 Nbd7 12. O-O-O Nc5 13. Bxf6 Bxf6 14. Kb1 a5 15.
exf5 Nxd3 16. Qxd3 gxf5 17. Qc2 Be6 18. g4 e4 19. Nd4 Bxc4 20. Nxf5 Bd3 21.
Rxd3 exd3 22. Qxd3 Rd8 23. Qc4+ Kh8 24. Ne4 Qe5 25. Qc2 Rfe8 26. f3 a4 27. a3
b5 28. Rc1 Re6 29. h4 c5 30. Nxf6 Qxf6 31. Qxc5 Re5 32. Qc3 Rf8 33. f4 Ree8 34.
Qxf6+ Rxf6 35. Rc5 Ref8 36. h5 Rb8 37. Kc2 h6 38. Kc3 b4+ 39. axb4 Rfb6 40. Rc4
Rf8 41. Rc7 Rfb8 42. Rc4 Rf8 43. Rd4 Rc8+ 44. Rc4 Rcb8 45. Ne7 R8b7 46. Nd5 Re6
47. Kd4 Re2 48. Rc8+ Kg7 49. Rc6 Rxb2 50. Rg6+ Kf8 51. Rxh6 Rd2+ 52. Kc4 Ra7
53. f5 a3 54. f6 Kg8 55. f7+ Rxf7 56. Ra6 Rf3 57. h6 a2 58. g5 Rg3 59. Ra7 Rxg5
60. Nf6+ Kf8 61. Nh7+ Ke8 62. Nxg5 Rc2+ 63. Kb3 Rg2 64. h7 Rh2 65. Rxa2 1-0

[Event "European Championship (blitz) 2015"]
[Site "Minsk BLR"]
[Date "2015.12.18"]
[Round "19"]
[White "Malakhov, Igor"]
[Black "Petrosian, Tigran L"]
[Result "0-1"]
[WhiteElo "2451"]
[BlackElo "2625"]
[PlyCount "90"]
[EventDate "2015.12.18"]

1. e4 d6 2. d4 g6 3. g3 Bg7 4. Bg2 Nf6 5. Ne2 O-O 6. O-O Nbd7 7. Nbc3 e5 8. h3
Re8 9. Be3 a6 10. g4 b5 11. Ng3 b4 12. Nce2 h6 13. f4 Bb7 14. dxe5 dxe5 15. f5
Qe7 16. fxg6 fxg6 17. g5 hxg5 18. Bxg5 Rf8 19. c3 a5 20. a3 bxa3 21. Qb3+ Kh8
22. Qxb7 Nc5 23. Qb5 Rfb8 24. Qc4 axb2 25. Rab1 a4 26. Qa2 a3 27. Kh2 Qe6 28.
Qxe6 Nxe6 29. Bxf6 Bxf6 30. Nc1 bxc1=Q 31. Rbxc1 Bg5 32. Ra1 Bf4 33. Bf3 Rb2+
34. Bg2 Rc2 35. h4 Rxc3 36. Rf3 Rxf3 37. Bxf3 Nd4 38. Bd1 a2 39. Kg2 Bxg3 40.
Kxg3 c5 41. Kf2 c4 42. Ke3 Ra3+ 43. Kd2 Kg7 44. Kc1 c3 45. h5 gxh5 0-1

[Event "European Championship (blitz) 2015"]
[Site "Minsk BLR"]
[Date "2015.12.18"]
[Round "20"]
[White "Petrosian, Tigran L"]
[Black "Malakhov, Igor"]
[Result "1-0"]
[WhiteElo "2625"]
[BlackElo "2451"]
[PlyCount "115"]
[EventDate "2015.12.18"]

1. Nf3 d5 2. g3 c6 3. Bg2 Bg4 4. h3 Bxf3 5. Bxf3 Nf6 6. O-O Nbd7 7. d4 e5 8. e3
e4 9. Bg2 Bd6 10. c4 h5 11. cxd5 cxd5 12. Nc3 h4 13. g4 Nb6 14. a4 Rc8 15. a5
Nc4 16. Qa4+ Kf8 17. a6 bxa6 18. Qxa6 Bb8 19. f4 exf3 20. Rxf3 Nb6 21. Bd2 Qd6
22. Kf1 Kg8 23. Qd3 Nc4 24. Be1 Qh2 25. Qf5 Rd8 26. b3 Nd6 27. Qf4 Qxf4 28.
Rxf4 Nde4 29. Rf3 Bg3 30. Nxe4 dxe4 31. Rf5 Nd5 32. Bd2 g6 33. Rxd5 Rxd5 34.
Bxe4 Rd7 35. Bc6 Rc7 36. d5 Kh7 37. b4 Rd8 38. Ke2 Rd6 39. b5 Rf6 40. Kd3 Bd6
41. Ba5 Rc8 42. Bc3 Rf3 43. Rxa7 Rc7 44. b6 Rc8 45. Ke4 Rf1 46. Rd7 Bg3 47. b7
Re8+ 48. Kd3 Rf3 49. Bd4 Kg8 50. Kc4 Rf1 51. d6 Rc1+ 52. Kd5 Kf8 53. Rxf7+ Kxf7
54. Bxe8+ Kxe8 55. b8=Q+ Kf7 56. Qb7+ Kf8 57. Qe7+ Kg8 58. Qg7# 1-0

[Event "European Championship (blitz) 2015"]
[Site "Minsk BLR"]
[Date "2015.12.18"]
[Round "21"]
[White "Petrosian, Tigran L"]
[Black "Rakhmanov, Aleksandr"]
[Result "1-0"]
[WhiteElo "2625"]
[BlackElo "2640"]
[PlyCount "68"]
[EventDate "2015.12.18"]

1. Nf3 Nf6 2. g3 g6 3. Bg2 Bg7 4. d4 O-O 5. O-O d5 6. c4 c6 7. cxd5 cxd5 8. Nc3
e6 9. Ne5 Bd7 10. e4 Nxe4 11. Nxe4 dxe4 12. Bxe4 Nc6 13. Nxc6 Bxc6 14. Bxc6
bxc6 15. Be3 Qd5 16. Qa4 Rfb8 17. b3 Qb5 18. Qa3 a5 19. Rfc1 a4 20. Rc5 Qb4 21.
Qxb4 Rxb4 22. Rac1 Bxd4 23. Bxd4 Rxd4 24. Rxc6 axb3 25. Rc8+ Rxc8 26. Rxc8+ Kg7
27. axb3 Rd1+ 28. Kg2 Rb1 29. Rb8 Rb2 30. b4 h5 31. b5 e5 32. Kf3 f5 33. b6
Rb3+ 34. Ke2 Rb2+ 1-0

[Event "European Championship (blitz) 2015"]
[Site "Minsk BLR"]
[Date "2015.12.18"]
[Round "22"]
[White "Rakhmanov, Aleksandr"]
[Black "Petrosian, Tigran L"]
[Result "0-1"]
[WhiteElo "2640"]
[BlackElo "2625"]
[PlyCount "120"]
[EventDate "2015.12.18"]

1. c4 g6 2. h4 h5 3. Nh3 Bg7 4. Ng5 c6 5. Nc3 d5 6. d4 Nh6 7. Bf4 Nf5 8. e3 a6
9. Rc1 e6 10. Bd3 Nd7 11. cxd5 exd5 12. Bxf5 gxf5 13. Bd6 Nf6 14. Ba3 Ne4 15.
Nf3 Be6 16. Ne5 Nd6 17. Bxd6 Qxd6 18. Nd3 f6 19. Nf4 Bf7 20. Qc2 Be6 21. Qb3
Rb8 22. Nce2 Bh6 23. a3 Bf7 24. Qc2 Qd7 25. Nd3 Qd6 26. g3 Ke7 27. Nc5 Be6 28.
Qc3 Bc8 29. Qb4 Rg8 30. Kd2 a5 31. Qc3 b6 32. Nd3 Bd7 33. Nef4 Rgc8 34. Nxh5 c5
35. Ndf4 Kf7 36. Ke2 Rc7 37. Qd2 c4 38. Kf3 b5 39. Kg2 b4 40. axb4 axb4 41. Ne2
Ra7 42. Nhf4 Ra2 43. Qc2 c3 44. Rb1 Bxf4 45. Nxf4 Qa6 46. Qb3 Qc4 47. Qxc4 dxc4
48. bxc3 b3 49. Ra1 Rc2 50. Rac1 Rd2 51. h5 Bc6+ 52. d5 Bxd5+ 53. Nxd5 Rxd5 54.
Ra1 Rd3 55. Ra7+ Kg8 56. h6 b2 57. Rb1 Rxc3 58. Ra2 Rcb3 59. Ra7 c3 60. Rc7 Ra3
0-1

[Event "European Championship (blitz) 2015"]
[Site "Minsk BLR"]
[Date "2015.12.18"]
[Round "1"]
[White "Melkumyan, Hrant"]
[Black "Sakovich, Dmitrij"]
[Result "1-0"]
[WhiteElo "2654"]
[BlackElo "1974"]
[PlyCount "47"]
[EventDate "2015.12.18"]

1. e4 c5 2. Nf3 d6 3. d4 cxd4 4. Nxd4 Nf6 5. Nc3 a6 6. h3 e5 7. Nde2 Be7 8. g4
b5 9. Ng3 Nbd7 10. g5 Ng8 11. Nf5 Kf8 12. Nxd6 Nb6 13. Nf5 Bxf5 14. Qxd8+ Rxd8
15. exf5 Bb4 16. Bd2 f6 17. O-O-O Kf7 18. Be2 Ne7 19. gxf6 Kxf6 20. Ne4+ Kf7
21. Bxb4 Nxf5 22. Bg4 Nd4 23. c3 Ne6 24. Nd6+ 1-0

[Event "European Championship (blitz) 2015"]
[Site "Minsk BLR"]
[Date "2015.12.18"]
[Round "2"]
[White "Sakovich, Dmitrij"]
[Black "Melkumyan, Hrant"]
[Result "0-1"]
[WhiteElo "1974"]
[BlackElo "2654"]
[PlyCount "46"]
[EventDate "2015.12.18"]

1. e4 e6 2. d4 d5 3. e5 c5 4. c3 Qb6 5. a3 Bd7 6. b4 cxd4 7. cxd4 Bb5 8. Bxb5+
Qxb5 9. Ne2 Qd7 10. Bb2 a5 11. Qb3 Nh6 12. O-O Be7 13. Nd2 O-O 14. f4 axb4 15.
axb4 Rxa1 16. Rxa1 Qb5 17. Ng3 Nc6 18. Nf3 Rc8 19. Bc3 Qd3 20. Qb2 Ng4 21. Re1
Na7 22. Qd2 Qxc3 23. Qxc3 Rxc3 0-1

[Event "European Championship (blitz) 2015"]
[Site "Minsk BLR"]
[Date "2015.12.18"]
[Round "3"]
[White "Chekhova-Kostina, Tatiana M"]
[Black "Melkumyan, Hrant"]
[Result "0-1"]
[WhiteElo "2246"]
[BlackElo "2654"]
[PlyCount "48"]
[EventDate "2015.12.18"]

1. d4 Nf6 2. Nc3 d5 3. Bg5 Nbd7 4. Nf3 c6 5. e3 Qb6 6. Qc1 h6 7. Bh4 g5 8. Bg3
Nh5 9. Be5 Nxe5 10. Nxe5 Bg7 11. Be2 Nf6 12. Bd3 Nd7 13. Nxd7 Bxd7 14. Ne2 e5
15. dxe5 Bxe5 16. c3 O-O-O 17. Qc2 Be6 18. O-O-O Kb8 19. Nd4 a5 20. Bf5 Rde8
21. h4 c5 22. Nxe6 fxe6 23. Bg4 gxh4 24. Rxh4 c4 0-1

[Event "European Championship (blitz) 2015"]
[Site "Minsk BLR"]
[Date "2015.12.18"]
[Round "4"]
[White "Melkumyan, Hrant"]
[Black "Chekhova-Kostina, Tatiana M"]
[Result "1-0"]
[WhiteElo "2654"]
[BlackElo "2246"]
[PlyCount "55"]
[EventDate "2015.12.18"]

1. e4 Nf6 2. Nc3 d5 3. e5 Nfd7 4. d4 c5 5. Nf3 Nc6 6. Nxd5 cxd4 7. Nxd4 Ndxe5
8. Nxc6 Nxc6 9. c3 e6 10. Nf4 Qxd1+ 11. Kxd1 e5 12. Nd5 Bd6 13. Bc4 Be6 14. Ne3
Ke7 15. Ke2 a6 16. g4 Rad8 17. Nf5+ Bxf5 18. gxf5 Kf6 19. Rg1 h6 20. Be3 b5 21.
Bd3 Ne7 22. Rad1 Rhg8 23. Rd2 Nxf5 24. Bxf5 Kxf5 25. Bb6 Rd7 26. Rgd1 Ke6 27.
Bc7 Bxc7 28. Rd6+ 1-0

[Event "European Championship (blitz) 2015"]
[Site "Minsk BLR"]
[Date "2015.12.18"]
[Round "5"]
[White "Melkumyan, Hrant"]
[Black "Kashtanov, Ruslan"]
[Result "1-0"]
[WhiteElo "2654"]
[BlackElo "2346"]
[PlyCount "92"]
[EventDate "2015.12.18"]

1. e4 c5 2. Nf3 Nc6 3. Bb5 d6 4. c4 e5 5. Nc3 g6 6. d3 Bg7 7. O-O Nge7 8. b4
O-O 9. bxc5 dxc5 10. Nd5 Bg4 11. Bxc6 Nxc6 12. Be3 b6 13. h3 Be6 14. Qa4 Nd4
15. Nxd4 exd4 16. Bf4 Qd7 17. Qxd7 Bxd7 18. Bd6 Rfd8 19. Be7 Rdc8 20. Bh4 Kh8
21. a4 f5 22. Ne7 Re8 23. exf5 Bxf5 24. Nxf5 gxf5 25. Rfe1 Kg8 26. Bg5 Kf7 27.
Bf4 Re6 28. Rxe6 Kxe6 29. Re1+ Kd7 30. f3 a6 31. Kf2 Bf6 32. g4 Bh4+ 33. Bg3
Bxg3+ 34. Kxg3 fxg4 35. hxg4 b5 36. axb5 axb5 37. cxb5 Ra3 38. Rd1 Rb3 39. Kf4
Rxb5 40. Rh1 Kd6 41. Rxh7 Rb3 42. Ke4 Kc6 43. g5 Rb1 44. f4 Re1+ 45. Kf5 Re3
46. g6 Rxd3 1-0

[Event "European Championship (blitz) 2015"]
[Site "Minsk BLR"]
[Date "2015.12.18"]
[Round "6"]
[White "Kashtanov, Ruslan"]
[Black "Melkumyan, Hrant"]
[Result "0-1"]
[WhiteElo "2346"]
[BlackElo "2654"]
[PlyCount "46"]
[EventDate "2015.12.18"]

1. e4 g6 2. d4 Bg7 3. c3 d6 4. f4 Nf6 5. Bd3 c5 6. dxc5 dxc5 7. Nf3 Nc6 8. e5
Nd5 9. Be4 Be6 10. Ng5 Nc7 11. Nxe6 Qxd1+ 12. Kxd1 Nxe6 13. Kc2 O-O-O 14. Be3
Bh6 15. Rf1 Nxe5 16. fxe5 Bxe3 17. Rxf7 Ng5 18. Bxb7+ Kxb7 19. Rxe7+ Kc6 20. h4
Ne4 21. Rxa7 Rhf8 22. Na3 Rf2+ 23. Kb3 c4+ 0-1

[Event "European Championship (blitz) 2015"]
[Site "Minsk BLR"]
[Date "2015.12.18"]
[Round "7"]
[White "Landa, Konstantin"]
[Black "Melkumyan, Hrant"]
[Result "0-1"]
[WhiteElo "2625"]
[BlackElo "2654"]
[PlyCount "110"]
[EventDate "2015.12.18"]

1. Nf3 Nf6 2. d4 g6 3. g3 Bg7 4. Bg2 O-O 5. O-O c5 6. dxc5 Na6 7. c3 Nxc5 8.
Be3 d6 9. Bxc5 dxc5 10. Qxd8 Rxd8 11. Na3 Rb8 12. Nc4 Ne8 13. Rfd1 Be6 14. Na5
Rxd1+ 15. Rxd1 Nd6 16. Ng5 Bxa2 17. Ra1 h6 18. Ne4 Bd5 19. Nxd6 Bxg2 20. Kxg2
exd6 21. Rd1 Bf8 22. Kf3 f5 23. g4 fxg4+ 24. Kxg4 Kf7 25. e4 h5+ 26. Kf3 Ke6
27. Rd5 Bh6 28. Ke2 Bf4 29. h3 Be5 30. f3 b6 31. Nc6 Ra8 32. h4 a5 33. Ke3 Rf8
34. Nxe5 dxe5 35. Rd1 Rf4 36. Rg1 Kf6 37. Rh1 a4 38. c4 Ke6 39. Rh2 Rf7 40. Rg2
Kf6 41. Rd2 Re7 42. Rd6+ Re6 43. Rd8 g5 44. hxg5+ Kxg5 45. Ra8 h4 46. Rxa4 h3
47. Kf2 h2 48. Kg2 Rh6 49. Kh1 Kf4 50. Ra3 Kg3 51. Rd3 Rf6 52. Rd8 Kxf3 53.
Kxh2 Kxe4 54. Kg2 Ke3 55. b3 e4 0-1

[Event "European Championship (blitz) 2015"]
[Site "Minsk BLR"]
[Date "2015.12.18"]
[Round "8"]
[White "Melkumyan, Hrant"]
[Black "Landa, Konstantin"]
[Result "0-1"]
[WhiteElo "2654"]
[BlackElo "2625"]
[PlyCount "136"]
[EventDate "2015.12.18"]

1. d4 d5 2. Nf3 c5 3. c4 cxd4 4. Qxd4 Nf6 5. cxd5 Qxd5 6. Nc3 Qxd4 7. Nxd4 a6
8. g3 e5 9. Nc2 Bd7 10. Bg2 Bc6 11. O-O Bxg2 12. Kxg2 Nc6 13. Bg5 Be7 14. Bxf6
Bxf6 15. Nd5 O-O-O 16. Rfd1 Be7 17. Nce3 Bc5 18. Nc4 Kb8 19. Rac1 Ba7 20. e3 f6
21. g4 h5 22. gxh5 Rdf8 23. Ndb6 Bxb6 24. Nxb6 Rf7 25. Nd7+ Ka7 26. Nc5 Rxh5
27. Rd6 Rg5+ 28. Kf3 Rh5 29. Nxb7 e4+ 30. Kg2 Rxb7 31. Rcxc6 Rxb2 32. Rxa6+ Kb7
33. Ra4 Rg5+ 34. Kf1 Rf5 35. f3 Rxf3+ 36. Ke1 Rxe3+ 37. Kd1 Rxh2 38. Rdd4 Rd3+
39. Rxd3 exd3 40. Rd4 Rxa2 41. Rd7+ Kc6 42. Rxg7 Kd5 43. Rd7+ Ke4 44. Re7+ Kf4
45. Rd7 d2 46. Ke2 f5 47. Rd4+ Kg3 48. Rd3+ Kg4 49. Rd8 Rb2 50. Rg8+ Kf4 51.
Rd8 Ke4 52. Re8+ Kd4 53. Rd8+ Kc3 54. Rc8+ Kd4 55. Rd8+ Ke5 56. Re8+ Kf4 57.
Rd8 d1=Q+ 58. Kxd1 Kf3 59. Rd3+ Kf2 60. Rd4 Rb3 61. Rf4+ Rf3 62. Ra4 Rd3+ 63.
Kc2 Rd5 64. Kc3 Kg3 65. Kc4 Rd8 66. Ra3+ Kg4 67. Ra7 f4 68. Rg7+ Kf3 0-1

[Event "European Championship (blitz) 2015"]
[Site "Minsk BLR"]
[Date "2015.12.18"]
[Round "9"]
[White "Pavlov, Sergey2"]
[Black "Melkumyan, Hrant"]
[Result "0-1"]
[WhiteElo "2454"]
[BlackElo "2654"]
[PlyCount "70"]
[EventDate "2015.12.18"]

1. c4 g6 2. d4 Nf6 3. Nf3 Bg7 4. g3 O-O 5. Bg2 c5 6. Nc3 cxd4 7. Nxd4 Nc6 8.
O-O d6 9. Nxc6 bxc6 10. Bxc6 Rb8 11. Bg2 Qa5 12. Qd3 Bf5 13. e4 Be6 14. Rb1 Nd7
15. Bd2 Ne5 16. Qc2 Nxc4 17. Be1 Rfc8 18. Nd5 Qd8 19. Bc3 Bxd5 20. exd5 Na3 21.
bxa3 Rxc3 22. Qa4 Rc7 23. Rb4 Rxb4 24. axb4 Bd4 25. Qa3 Rc3 26. Qa6 h5 27. Be4
h4 28. Kg2 Qd7 29. Rd1 h3+ 30. Kg1 Qg4 31. Rxd4 Rc1+ 32. Qf1 Rxf1+ 33. Kxf1 f5
34. f3 Qg5 35. Bd3 Qe3 0-1

[Event "European Championship (blitz) 2015"]
[Site "Minsk BLR"]
[Date "2015.12.18"]
[Round "10"]
[White "Melkumyan, Hrant"]
[Black "Pavlov, Sergey2"]
[Result "1/2-1/2"]
[WhiteElo "2654"]
[BlackElo "2454"]
[PlyCount "186"]
[EventDate "2015.12.18"]

1. d4 Nf6 2. Nf3 e6 3. g3 c5 4. Bg2 cxd4 5. Nxd4 d5 6. O-O e5 7. Nb3 Be6 8. Bg5
Nbd7 9. e3 Be7 10. Nc3 h6 11. Bxf6 Nxf6 12. Qe2 Qb6 13. Rfd1 Rd8 14. Qb5+ Qc6
15. Na5 Qxb5 16. Nxb5 O-O 17. Nc7 Bg4 18. Nxb7 Bxd1 19. Rxd1 Rc8 20. Nxd5 Nxd5
21. Bxd5 Rxc2 22. Bb3 Rc7 23. Na5 Rd8 24. Rxd8+ Bxd8 25. Nc4 e4 26. Nd6 Bf6 27.
Nxe4 Bxb2 28. Kg2 Kf8 29. g4 a5 30. Kf3 Ba3 31. h4 Be7 32. h5 Rc1 33. Ng3 Ra1
34. Nf5 a4 35. Bd5 Rc1 36. Ke4 Ba3 37. f4 Re1 38. Nd4 Bc5 39. Nc2 Rg1 40. Kf3
Rc1 41. Be4 a3 42. Bd3 Ke7 43. Ke4 Rg1 44. Kf3 Rc1 45. Ke4 Rd1 46. Bc4 Rd2 47.
Bb3 Rg2 48. Kf3 Rd2 49. Ke4 Rg2 50. Kf3 Rd2 51. Ne1 Bb4 52. Ke4 Rb2 53. Nc2 Bc5
54. Kd3 Rb1 55. Ke4 Rb2 56. Kd3 Bd6 57. Nd4 Bc5 58. Nf5+ Kf8 59. Bc4 Rg2 60.
Ke4 Rxg4 61. Kd5 Bb4 62. Ke4 Rg2 63. Kf3 Rc2 64. Bb3 Rb2 65. Bc4 Be7 66. Kg4
Rc2 67. Bb3 Rc3 68. Bd5 Bc5 69. Kf3 g6 70. Nxh6 Rxe3+ 71. Kg4 gxh5+ 72. Kxh5 f6
73. Kg6 Rd3 74. Be6 Be7 75. Kf5 Rd2 76. Ng4 Rb2 77. Nxf6 Bxf6 78. Kxf6 Rb4 79.
f5 Rb5 80. Bc4 Rb4 81. Bd5 Rb5 82. Ke5 Ke7 83. f6+ Kf8 84. Kd4 Rb2 85. Kc3 Rb6
86. f7 Rb5 87. Bc4 Rb2 88. Bb3 Rf2 89. Kb4 Rxf7 90. Bxf7 Kxf7 91. Kxa3 Ke7 92.
Kb4 Kd7 93. Kb5 Kc7 1/2-1/2

[Event "European Championship (blitz) 2015"]
[Site "Minsk BLR"]
[Date "2015.12.18"]
[Round "11"]
[White "Melkumyan, Hrant"]
[Black "Gunina, Valentina"]
[Result "1-0"]
[WhiteElo "2654"]
[BlackElo "2502"]
[PlyCount "59"]
[EventDate "2015.12.18"]

1. d4 d5 2. Nf3 Nf6 3. c4 c6 4. e3 Bf5 5. Nc3 e6 6. Nh4 Bg6 7. Nxg6 hxg6 8. Bd3
Nbd7 9. O-O Bd6 10. h3 Qe7 11. e4 dxe4 12. Bxe4 Bc7 13. c5 O-O-O 14. Qf3 e5 15.
d5 Nxe4 16. dxc6 Nxc3 17. cxd7+ Rxd7 18. c6 bxc6 19. Qxc3 e4 20. Qxc6 Qd6 21.
Qxd6 Bxd6 22. Be3 Be5 23. Rfc1+ Kb7 24. Rc5 Re8 25. Rac1 f5 26. Rb5+ Ka8 27. g3
Rb7 28. Rxe5 Rxe5 29. Rc8+ Rb8 30. Rxb8+ 1-0

[Event "European Championship (blitz) 2015"]
[Site "Minsk BLR"]
[Date "2015.12.18"]
[Round "12"]
[White "Gunina, Valentina"]
[Black "Melkumyan, Hrant"]
[Result "1/2-1/2"]
[WhiteElo "2502"]
[BlackElo "2654"]
[PlyCount "117"]
[EventDate "2015.12.18"]

1. d4 Nf6 2. c4 c5 3. d5 b5 4. cxb5 a6 5. bxa6 g6 6. Nc3 Bg7 7. Nf3 O-O 8. g3
d6 9. Bg2 Nbd7 10. O-O Nb6 11. e4 Bxa6 12. Re1 Nfd7 13. Qc2 Nc4 14. Bf1 Nce5
15. Nxe5 Nxe5 16. Kg2 c4 17. Be3 Qa5 18. Red1 Nd3 19. Bd2 Qb6 20. Bxd3 cxd3 21.
Qb3 Qc7 22. Nb5 Bxb5 23. Qxb5 Qc2 24. Bc3 Bxc3 25. bxc3 Rxa2 26. Rxa2 Qxd1 27.
Qc4 Rb8 28. Qd4 f6 29. Qe3 Rb1 30. Qh6 Ra1 31. Rd2 Qh1+ 32. Kh3 Qxe4 33. Qe3
Qxe3 34. fxe3 Re1 35. Rxd3 h5 36. g4 Rg1 37. gxh5 g5 38. Rd4 Kf7 39. Re4 f5 40.
Re6 Rf1 41. h6 Rf3+ 42. Kg2 g4 43. h7 Rh3 44. e4 f4 45. e5 f3+ 46. Kg1 dxe5 47.
Rxe5 Rxh7 48. Re4 Rh4 49. h3 f2+ 50. Kf1 Rxh3 51. Rxg4 Rxc3 52. Kxf2 Rd3 53.
Rf4+ Ke8 54. Rf5 Kd7 55. Ke2 Rd4 56. Ke3 Ra4 57. Re5 Kd6 58. Re6+ Kxd5 59. Rxe7
1/2-1/2

[Event "European Championship (blitz) 2015"]
[Site "Minsk BLR"]
[Date "2015.12.18"]
[Round "13"]
[White "Melkumyan, Hrant"]
[Black "Belous, Vladimir"]
[Result "1-0"]
[WhiteElo "2654"]
[BlackElo "2557"]
[PlyCount "65"]
[EventDate "2015.12.18"]

1. d4 Nf6 2. Nf3 g6 3. Bg5 Bg7 4. Nbd2 O-O 5. e4 d6 6. c3 Nbd7 7. Bd3 e5 8. O-O
h6 9. Bh4 Qe8 10. Re1 Nh5 11. Bg3 Nxg3 12. hxg3 Nb6 13. dxe5 dxe5 14. Nc4 Bg4
15. Qb3 Be6 16. Bf1 Qc6 17. Ncxe5 Qd6 18. Qb5 c6 19. Qa5 Rfd8 20. Be2 c5 21.
Red1 Qc7 22. Nd3 Rac8 23. Nf4 Bg4 24. Rxd8+ Rxd8 25. Rd1 Rxd1+ 26. Bxd1 g5 27.
Nd3 Qd6 28. Be2 c4 29. Nb4 Qe6 30. Qxa7 Qxe4 31. Bf1 Nd7 32. Qa5 Bxf3 33. gxf3
1-0

[Event "European Championship (blitz) 2015"]
[Site "Minsk BLR"]
[Date "2015.12.18"]
[Round "14"]
[White "Belous, Vladimir"]
[Black "Melkumyan, Hrant"]
[Result "1-0"]
[WhiteElo "2557"]
[BlackElo "2654"]
[PlyCount "75"]
[EventDate "2015.12.18"]

1. c4 g6 2. Nc3 c5 3. Nf3 Bg7 4. g3 Nc6 5. Bg2 Nf6 6. O-O O-O 7. d4 cxd4 8.
Nxd4 d6 9. Nc2 Be6 10. b3 Qc8 11. Bb2 Bh3 12. Qd2 Bxg2 13. Kxg2 Rd8 14. Nd5
Nxd5 15. Bxg7 Kxg7 16. Qxd5 e6 17. Qf3 Kg8 18. Rfd1 Ne5 19. Qf4 Qc5 20. Ne3 a5
21. h4 h5 22. Rd2 a4 23. Rad1 axb3 24. axb3 Kg7 25. Kg1 Rac8 26. b4 Qxb4 27.
Rxd6 Nc6 28. Rd7 Qf8 29. g4 Rxd7 30. Rxd7 Qe8 31. Rxb7 Nd8 32. Ra7 Nc6 33. Rb7
Nd8 34. Rb5 hxg4 35. Nxg4 Qe7 36. Qh6+ Kg8 37. Rh5 gxh5 38. Nf6+ 1-0

[Event "European Championship (blitz) 2015"]
[Site "Minsk BLR"]
[Date "2015.12.18"]
[Round "15"]
[White "Inarkiev, Ernesto"]
[Black "Melkumyan, Hrant"]
[Result "0-1"]
[WhiteElo "2668"]
[BlackElo "2654"]
[PlyCount "115"]
[EventDate "2015.12.18"]

1. d4 Nf6 2. c4 g6 3. Nf3 Bg7 4. e3 O-O 5. Be2 c5 6. d5 e6 7. Nc3 d6 8. O-O
exd5 9. cxd5 Bg4 10. Nd2 Bxe2 11. Qxe2 Re8 12. a4 Na6 13. Nc4 Nb4 14. Rd1 Ne4
15. Nxe4 Rxe4 16. Bd2 Qd7 17. Bc3 Rae8 18. Bxb4 cxb4 19. Qd3 Rg4 20. f3 Rxc4
21. Qxc4 Bxb2 22. Ra2 Bc3 23. e4 Rc8 24. Qd3 Qc7 25. Rb1 Qb6+ 26. Kf1 a5 27. g3
Rc5 28. Kg2 Qc7 29. Rc2 Rc4 30. Rb3 Qc5 31. h4 Rd4 32. Qe2 h5 33. f4 Kf8 34.
Qf3 Qc4 35. Rbxc3 bxc3 36. Qxc3 Qxc3 37. Rxc3 Rxe4 38. Rc8+ Kg7 39. Rc7 Rxa4
40. Rxb7 Rd4 41. Rb5 a4 42. Ra5 Kf6 43. Ra6 Ke7 44. Kf2 f5 45. Ra7+ Kd8 46. Ke3
Rb4 47. Kd2 Rb2+ 48. Kc3 Rg2 49. Rxa4 Rxg3+ 50. Kc4 Rf3 51. Kb5 Rc3 52. Kb6 Rc5
53. Ra7 Rxd5 54. Kc6 Rd4 55. Rg7 Ke8 56. Rxg6 Rxf4 57. Kxd6 Kf7 58. Rg5 0-1

[Event "European Championship (blitz) 2015"]
[Site "Minsk BLR"]
[Date "2015.12.18"]
[Round "16"]
[White "Melkumyan, Hrant"]
[Black "Inarkiev, Ernesto"]
[Result "1-0"]
[WhiteElo "2654"]
[BlackElo "2668"]
[PlyCount "63"]
[EventDate "2015.12.18"]

1. c4 c5 2. Nf3 Nc6 3. Nc3 g6 4. e3 Nf6 5. d4 cxd4 6. exd4 d5 7. cxd5 Nxd5 8.
Qb3 Nxc3 9. Bc4 e6 10. bxc3 a6 11. Be2 Be7 12. Bh6 Bf8 13. Bxf8 Kxf8 14. O-O
Kg7 15. Rfd1 Rb8 16. c4 Bd7 17. d5 exd5 18. cxd5 Na7 19. d6 Re8 20. Nd4 Qf6 21.
Bf3 b5 22. h3 Rb6 23. Qb4 Rc8 24. Qd2 Rc5 25. Qe3 Rxd6 26. Ne6+ Qxe6 27. Qxc5
Nc8 28. Rxd6 Nxd6 29. Qd4+ Kf8 30. Rd1 Ke7 31. Qb4 Bc8 32. Re1 1-0

[Event "European Championship (blitz) 2015"]
[Site "Minsk BLR"]
[Date "2015.12.18"]
[Round "19"]
[White "Melkumyan, Hrant"]
[Black "Kulaots, Kaido"]
[Result "1-0"]
[WhiteElo "2654"]
[BlackElo "2574"]
[PlyCount "75"]
[EventDate "2015.12.18"]

1. Nf3 c5 2. c4 Nc6 3. Nc3 Nf6 4. e3 e6 5. d4 d5 6. cxd5 exd5 7. Bb5 Bd6 8.
dxc5 Bxc5 9. O-O O-O 10. b3 Bg4 11. h3 Bh5 12. Be2 Rc8 13. Bb2 Bd6 14. Nh4 Bxe2
15. Nxe2 Bb8 16. Nf5 Qd7 17. Neg3 Be5 18. Bxe5 Nxe5 19. Qd4 Nc6 20. Qf4 Qe6 21.
Rac1 Rfd8 22. Rfd1 g6 23. Nd4 Nxd4 24. Qxd4 a6 25. Ne2 Kg7 26. Nf4 Qe4 27. Qb2
Rxc1 28. Rxc1 d4 29. Rc4 b5 30. Rxd4 Rxd4 31. Qxd4 Qb1+ 32. Kh2 Qxa2 33. e4 Qc2
34. e5 Ne8 35. e6+ Kf8 36. Qd7 Qc7 37. g3 Qd6 38. Qxf7# 1-0

[Event "European Championship (blitz) 2015"]
[Site "Minsk BLR"]
[Date "2015.12.18"]
[Round "20"]
[White "Kulaots, Kaido"]
[Black "Melkumyan, Hrant"]
[Result "1-0"]
[WhiteElo "2574"]
[BlackElo "2654"]
[PlyCount "87"]
[EventDate "2015.12.18"]

1. e4 e5 2. Nf3 Nc6 3. Bb5 a6 4. Ba4 Nf6 5. O-O Be7 6. d3 b5 7. Bb3 d6 8. a3
O-O 9. Nc3 Rb8 10. Be3 Na5 11. Ba2 c5 12. b4 cxb4 13. axb4 Nc6 14. Rb1 Bg4 15.
h3 Bh5 16. Nd5 Nxd5 17. Bxd5 Rc8 18. c3 Bf6 19. g4 Bg6 20. Qb3 h6 21. Ra1 Nb8
22. Bb7 Rc7 23. Bb6 Rxc3 24. Qxc3 Qxb6 25. Bd5 Bg5 26. Rfe1 Bf4 27. Re2 Qd8 28.
Rc2 h5 29. Qc7 Qf6 30. Kg2 Bh6 31. Qb7 hxg4 32. hxg4 Qf4 33. Nh2 Kh7 34. Rc8
Rxc8 35. Qxc8 Qd2 36. Qxb8 Qxd3 37. Qb7 Qe2 38. Nf3 Qd3 39. g5 Bh5 40. Ne1 Qe2
41. Ra3 Bxg5 42. Bxf7 Bg4 43. Rg3 Qxe4+ 44. Qxe4+ 1-0

[Event "European Championship (blitz) 2015"]
[Site "Minsk BLR"]
[Date "2015.12.18"]
[Round "21"]
[White "Roiz, Michael"]
[Black "Melkumyan, Hrant"]
[Result "0-1"]
[WhiteElo "2594"]
[BlackElo "2654"]
[PlyCount "74"]
[EventDate "2015.12.18"]

1. d4 Nf6 2. c4 c5 3. Nf3 g6 4. Nc3 cxd4 5. Nxd4 Bg7 6. e4 O-O 7. Be2 Nc6 8.
Be3 d6 9. O-O Bd7 10. Qd2 Nxd4 11. Bxd4 Bc6 12. f3 Qa5 13. a3 Rfc8 14. b4 Qd8
15. Rac1 a5 16. Rfd1 axb4 17. axb4 Be8 18. Kh1 Nd7 19. Bxg7 Kxg7 20. Nd5 f6 21.
f4 Bf7 22. Bg4 Bxd5 23. exd5 f5 24. Bf3 Nf6 25. c5 dxc5 26. bxc5 Qa5 27. Qe3
Rc7 28. h3 Rac8 29. c6 bxc6 30. dxc6 Qb4 31. Qe5 Kf7 32. Rb1 Qa4 33. Re1 Qa3
34. Qe6+ Kf8 35. Red1 Qa4 36. Qe5 Rxc6 37. Bxc6 Qxc6 0-1